Código de comercio

Saved in:
Bibliografiske detaljer
Hovedforfatter: Romero y Girón, Vicente (Author)
Institution som forfatter: Revista de los Tribunales (Author)
Format: Bog
Sprog:spansk
Udgivet: Madrid Establecimiento Tipográfico de J. Góngora 1885
Fag:
Tags: Tilføj Tag
Ingen Tags, Vær først til at tagge denne postø!

MARC

LEADER 00000nam a2200000 a 4500
001 UCR3583
003 CL-VaPUC
008 980128e18850000SP |||||||||||||||||spa|d
082 0 4 |a 343.08  |b ROM  |2 21 
100 0 |a Romero y Girón, Vicente  |e author  |9 402528 
110 2 |a Revista de los Tribunales  |e author  |9 402529 
245 1 0 |a Código de comercio 
300 |a 467 p 
942 |c BK 
945 |d 19980128 00:00:00  |a crobeson 
260 |a Madrid  |b Establecimiento Tipográfico de J. Góngora  |c 1885 
650 0 |a Código de comercio   |9 329302 
650 0 |a Derecho comercial   |9 256340 
650 0 |a Jurisprudencia  |9 255952 
650 0 |a Administración de justicia  |9 382749 
650 0 |a Comercio  |9 255341 
650 0 |a Comercio marítimo  |9 352895 
650 7 |a BOLSA DE COMERCIO  |2 CL-VaPUC  |9 401332 
650 0 |a Negocios  |9 262468 
650 0 |a Contratos  |9 255153 
650 0 |a Comerciantes  |9 267878 
650 7 |a QUIEBRAS  |2 CL-VaPUC  |9 329303 
651 0 |a España  |9 254926 
583 |a last modification  |c 19980128 00:00:00  |k Rodrigo Vera 
999 |c 266640  |d 266638 
952 |0 0  |1 0  |4 0  |6 343_080000000000000_ROM_1885  |7 0  |8 DER_HIS  |9 298426  |a BIBDER  |b BIBDER  |d 2019-11-20  |i 1947753  |o 343.08 ROM 1885  |p 1947753  |r 2023-01-25  |w 2019-11-20  |x Ubicación 4to Piso  |y BK_X  |z Estos recursos deben solicitarse con anticipación  |k DER